Ethics and the Filipino : (Record no. 355950)
[ view plain ]
| 000 -LEADER | |
|---|---|
| fixed length control field | 00346nam a2200109Ia 4500 |
| 008 - FIXED-LENGTH DATA ELEMENTS--GENERAL INFORMATION | |
| fixed length control field | 180219s9999 xx 000 0 und d |
| 020 ## - INTERNATIONAL STANDARD BOOK NUMBER | |
| International Standard Book Number | 9710848844 |
| 100 ## - MAIN ENTRY--PERSONAL NAME | |
| Personal name | Agapay, Ramon B. |
| 245 ## - TITLE STATEMENT | |
| Title | Ethics and the Filipino : |
| Remainder of title | A manual on morals for students and educators |
| 260 ## - PUBLICATION, DISTRIBUTION, ETC. (IMPRINT) | |
| Place of publication, distribution, etc | Mandaluyong City : |
| Name of publisher, distributor, etc | Cacho Hermanos Inc |
| Date of publication, distribution, etc | 1991 |
| 300 ## - PHYSICAL DESCRIPTION | |
| Extent | 234 pages |
| Withdrawn status | Lost status | Source of classification or shelving scheme | Damaged status | Home library | Current library | Shelving location | Date acquired | Source of acquisition | Total Checkouts | Full call number | Barcode | Date last seen | Date checked out | Price effective from | Koha item type |
|---|---|---|---|---|---|---|---|---|---|---|---|---|---|---|---|
| Library of Congress Classification | Archives | Archives | 02/19/2018 | Donation | 2 | BJ 977.P6 .Ag259 1991 | C21223 | 03/19/2019 | 03/14/2019 | 02/19/2018 | Books |